01272nam a2200217 i 4500003000900000005001700009007000300026008004100029020001800070040003000088082001900118100004500137245008800182264004700270300002700317336002800344337003300372338002800405505061800433650000301051DO-SdBNP20250422113754.0ta240403e2014 sp ac||| |||| 00| 1 spa d a9789945498172 aDO-SdBNPbspacBNPHUerda 4axxxbD671J2221 aDominguez, Jaime de Jesúseautor4aut.1 aJuan Pablo Duarte Diez :bindependentista restaurador /cJaime de Jesús Dominguez 1aSanto Domingo :bUniversitaria UASD,c2014 a344 páginas ;c24 cm atexto btxt2rdacontent asin mediciónbn2rdamedia avolumenbnc2rdacarrier aMedio antillano y poblamiento indígena 13|Las tradiciones preagrícolas 29|Migraciones Arauacas y formación de las comunidades taínas 55|Una comunidad : vida cotidiana y base material 89|Organización social 109|Religión y mitología taínas 133|Los caribes 149|Implantación de la dominación española en Santo Domingo 179|La encomienda 197|Conquista y colonización de Puerto Rico, Jamaica y Cuba 223|Rebeliones de indios 241|Los Caribes frente a los Europeos 259|Evolución de los Caribes en los reductos de San Vicente y Dominicana 283|Remanentes indígenas en las antillas hispánicas 297 4